Developpement et tradition dans les societes rurales africaines

Сохранить в:
Библиографические подробности
Главный автор: G. Gosselin
Формат:
Язык:Undetermined
Опубликовано: Geneve Bureau International du travail 1970
Предметы:
Метки: Добавить метку
Нет меток, Требуется 1-ая метка записи!
Thư viện lưu trữ: Trung tâm Học liệu Trường Đại học Cần Thơ
LEADER 00514nam a2200181Ia 4500
001 CTU_84868
008 210402s9999 xx 000 0 und d
082 |a 343.0745 
082 |b G679 
100 |a G. Gosselin 
245 0 |a Developpement et tradition dans les societes rurales africaines 
245 0 |c G. Gosselin 
260 |a Geneve 
260 |b Bureau International du travail 
260 |c 1970 
650 |a africa 
650 |x rural conditions 
980 |a Trung tâm Học liệu Trường Đại học Cần Thơ